| 000 | 01195nam a22002297a 4500 | ||
|---|---|---|---|
| 999 |
_c10372 _d10372 |
||
| 003 | GBCCL | ||
| 005 | 20241126110731.0 | ||
| 008 | 240703b ||||| |||| 00| 0 eng d | ||
| 020 | _a9788121297967 | ||
| 040 | _cgbc | ||
| 082 |
_a303.484092 _bSAR |
||
| 100 |
_aSarasvati,Pandita Ramabai _d1858-1922 _918013 |
||
| 245 |
_aThe High-caste Hindu woman / _cRamabai Sarasvati |
||
| 260 |
_aNew Delhi : _bGyan publishing house, _c2023 |
||
| 300 |
_a142 pages : _bfrontispiece, plates, portraits ; _c20 cm |
||
| 505 | _aRamabai Sarasvati was the first woman of the Brahmin caste to visit the U.S. and attend a medical college (Women's Medical College of Pennsylvania), and receive an M.D. She died only a few years after returning to India to practice medicine. The book was written to appeal to Americans to suppor the education of women in India. (PRBM) | ||
| 505 | _aIntroduction Prefatory remarks Childhood Married life Woman's place in religion and society Widowhood How the condition of women tells upon society The appeal | ||
| 650 |
_zIndia _aWomen _918014 |
||
| 650 |
_xHigh-caste Hindu woman. _918015 |
||
| 650 |
_xRamabai Sarasvati, Pandita, . _y1858-1922 _918016 |
||
| 942 |
_2ddc _cBK _01 |
||